[Event "HUN-chT 2324"]
[Site "Hungary"]
[Date "2024.03.03"]
[Round "5.5"]
[White "Fogarasi, Tibor"]
[Black "Istvanovszky, Martin"]
[Result "1/2-1/2"]
[WhiteElo "2302"]
[BlackElo "2343"]
[PlyCount "58"]
[EventDate "2023.10.28"]
[EventType "team-tourn"]
[EventRounds "9"]
[EventCountry "HUN"]
[SourceTitle "CB16_2024"]
[SourceDate "2024.04.17"]
[SourceVersion "1"]
[SourceVersionDate "2024.04.17"]
[SourceQuality "1"]
[WhiteTeam "Biatorbagy"]
[BlackTeam "Kekes"]
[WhiteTeamCountry "HUN"]
[BlackTeamCountry "HUN"]

1. e4 c5 2. Nf3 d6 3. d4 cxd4 4. Nxd4 Nf6 5. Nc3 g6 6. Be3 Nc6 7. Be2 Bg7 8. Qd2 0-0 9. 0-0-0 Bd7 10. f3 Rc8 11. g4 Ne5 12. h4 Qa5 13. Kb1 Rxc3 14. Qxc3 Qxc3 15. bxc3 Rc8 16. Kb2 Be8 17. h5 Nfd7 18. hxg6 hxg6 19. Bg5 Nb6 20. Bxe7 Na4+ 21. Kc1 Nxc3 22. Rd2 Ba4 23. g5 Nxa2+ 24. Kd1 Nc3+ 25. Ke1 Nb1 26. Rd1 Nc3 27. Rd2 Nb1 28. Rd1 Nc3 29. Rd2 Nb1 1/2-1/2

[Event "DEN-chT 2324 61st"]
[Site "Denmark"]
[Date "2024.01.28"]
[Round "6.5"]
[White "Hansen, Lars"]
[Black "Istvanovszky, Martin"]
[Result "0-1"]
[WhiteElo "2189"]
[BlackElo "2330"]
[PlyCount "104"]
[EventDate "2023.10.28"]
[EventType "team-tourn"]
[EventRounds "9"]
[EventCountry "DEN"]
[SourceTitle "CB11_2024"]
[SourceDate "2024.03.13"]
[SourceVersion "1"]
[SourceVersionDate "2024.03.13"]
[SourceQuality "1"]
[WhiteTeam "Copenhagen 68"]
[BlackTeam "Koge"]
[WhiteTeamCountry "DEN"]
[BlackTeamCountry "DEN"]

1. d4 c5 2. dxc5 e6 3. Nf3 Nf6 4. e3 Bxc5 5. a3 b6 6. c4 Bb7 7. Nbd2 Be7 8. b3 d6 9. Bb2 Nbd7 10. Be2 Qc7 11. 0-0 0-0 12. Qc2 Rac8 13. Rac1 Rfd8 14. Qb1 Qb8 15. Rfd1 Qa8 16. Qa1 Nc5 17. Qb1 Nce4 18. Nxe4 Nxe4 19. Ne1 Rc5 20. f3 Rg5 21. Qc2 Nf6 22. e4 h5 23. Bd4 h4 24. Be3 Rg6 25. Bf1 e5 26. Nd3 Nh5 27. Qf2 Rf8 28. Qc2 Qc8 29. Nf2 Qe6 30. b4 Bg5 31. Bxg5 Rxg5 32. Qd2 Rg6 33. c5 dxc5 34. bxc5 bxc5 35. Qd7 Bc8 36. Qxe6 Bxe6 37. Rxc5 Nf4 38. Rxe5 Nxg2 39. Rxe6 fxe6 40. Bxg2 Rxf3 41. Rd8+ Kf7 42. Rd3 Rxd3 43. Nxd3 Rg5 44. Kf2 Ra5 45. Ke3 Rxa3 46. Kd4 Ra2 47. Ne5+ Kf6 48. Bh3 Ra4+ 49. Nc4 e5+ 50. Kd5 Ra2 51. Ne3 Ra3 52. Ng4+ Kg5 0-1

[Event "Titled Tuesday intern op 15 Mar Early"]
[Site "Chess.com INT"]
[Date "2022.03.15"]
[Round "6"]
[White "Istvanovszky, Martin"]
[Black "Thomas, Anysia"]
[Result "1-0"]
[WhiteElo "2352"]
[BlackElo "2128"]
[PlyCount "83"]
[EventDate "2022.03.15"]
[EventType "swiss (blitz)"]
[EventRounds "11"]
[EventCountry "USA"]
[SourceTitle "CBM 207 Extra"]
[Source "ChessBase"]
[SourceDate "2022.05.31"]
[SourceVersion "1"]
[SourceVersionDate "2022.05.31"]
[SourceQuality "1"]

1. e4 c5 2. Nc3 Nc6 3. Bb5 Nd4 4. Bc4 g6 5. Nf3 Bg7 6. Nxd4 cxd4 7. Qf3 Nh6 8. Ne2 0-0 9. d3 Ng4 10. Bb3 d6 11. h3 Nf6 12. Nxd4 e5 13. Ne2 Be6 14. Bg5 h6 15. Bxf6 Bxf6 16. Nc3 Rc8 17. 0-0-0 a6 18. Kb1 b5 19. Bxe6 fxe6 20. Qg4 Qe8 21. Ne2 Bg7 22. f3 a5 23. h4 b4 24. Rh3 a4 25. Rg3 Rf6 26. h5 g5 27. Rh3 Qc6 28. Rc1 Rcf8 29. Rhh1 d5 30. Qg3 R6f7 31. Qe1 d4 32. Qxb4 Qa6 33. Qc4 Qb6 34. a3 Rb8 35. Qa2 Rfb7 36. Ka1 Bf8 37. Rb1 Qd6 38. Rhc1 Rc8 39. Ng3 Rc6 40. Nf1 Rbc7 41. Nd2 Rxc2 42. Nc4 1-0

[Event "Titled Tuesday intern op 15 Mar Early"]
[Site "Chess.com INT"]
[Date "2022.03.15"]
[Round "5"]
[White "Weetik, Vjacheslav"]
[Black "Istvanovszky, Martin"]
[Result "1-0"]
[WhiteElo "2423"]
[BlackElo "2352"]
[PlyCount "99"]
[EventDate "2022.03.15"]
[EventType "swiss (blitz)"]
[EventRounds "11"]
[EventCountry "USA"]
[SourceTitle "CBM 207 Extra"]
[Source "ChessBase"]
[SourceDate "2022.05.31"]
[SourceVersion "1"]
[SourceVersionDate "2022.05.31"]
[SourceQuality "1"]

1. e4 c5 2. Nf3 d6 3. d4 cxd4 4. Nxd4 Nf6 5. Nc3 g6 6. Be2 Bg7 7. 0-0 0-0 8. Re1 Nc6 9. Nb3 Be6 10. Bg5 a5 11. a4 Rc8 12. Bf1 Nb4 13. Nd4 Bc4 14. Bxc4 Rxc4 15. Ndb5 Qc8 16. Qe2 Qc6 17. Rad1 Re8 18. h3 h6 19. Bh4 Nxe4 20. Nxe4 Nxc2 21. Nexd6 Rxh4 22. Nxe8 Nxe1 23. Qxe1 Qxe8 24. Qxa5 Qc6 25. Qd8+ Kh7 26. Qxe7 Rxa4 27. Nd6 Rf4 28. Nxf7 Qc2 29. Rf1 Qxb2 30. Nd6 Qf6 31. Qxf6 Rxf6 32. Nxb7 Rb6 33. Nc5 Bd4 34. Ne4 Rb2 35. g4 g5 36. Kg2 Kg6 37. Ng3 Bb6 38. Ne4 h5 39. Rc1 hxg4 40. hxg4 Rb4 41. Rc6+ Kg7 42. Nxg5 Rb2 43. Ne4 Bd4 44. Kg3 Ra2 45. f4 Ra3+ 46. Kh4 Ra5 47. g5 Ra4 48. Rc7+ Kg6 49. Kg4 Ba1 50. f5# 1-0

[Event "Titled Tuesday intern op 08th Mar Early"]
[Site "Chess.com INT"]
[Date "2022.03.08"]
[Round "9"]
[White "Mikhailov, Viacheslav"]
[Black "Istvanovszky, Martin"]
[Result "1-0"]
[WhiteElo "2428"]
[BlackElo "2352"]
[PlyCount "117"]
[EventDate "2022.03.08"]
[EventType "swiss (blitz)"]
[EventRounds "11"]
[EventCountry "USA"]
[SourceTitle "CBM 207 Extra"]
[Source "ChessBase"]
[SourceDate "2022.05.31"]
[SourceVersion "1"]
[SourceVersionDate "2022.05.31"]
[SourceQuality "1"]

1. Nf3 g6 2. g3 Bg7 3. Bg2 d6 4. 0-0 e5 5. c4 Nc6 6. d3 f5 7. Nc3 Nf6 8. Bg5 h6 9. Bxf6 Qxf6 10. Rc1 0-0 11. Nd2 f4 12. Nd5 Qf7 13. b4 Bg4 14. h3 Be6 15. b5 Nd4 16. e3 f3 17. exd4 fxg2 18. Kxg2 Bxd5+ 19. cxd5 Qxd5+ 20. Ne4 Rf7 21. dxe5 Bxe5 22. Qb3 Qxb3 23. axb3 Bd4 24. f4 a6 25. bxa6 Rxa6 26. Kf3 Ra3 27. Rc4 Bb6 28. Rb4 d5 29. Nc3 Ba5 30. Ra4 Rxa4 31. Nxa4 Re7 32. g4 c6 33. f5 gxf5 34. gxf5 Kf7 35. Rg1 Bd2 36. Nc5 Re3+ 37. Kg4 h5+ 38. Kxh5 Rxh3+ 39. Kg4 Rh8 40. Rd1 Be3 41. Nxb7 Rb8 42. Na5 c5 43. Re1 d4 44. Rh1 Rb5 45. Nc4 Rxb3 46. Ra1 Kf8 47. Ra8+ Ke7 48. Ra7+ Kf8 49. f6 Rxd3 50. Ra8+ Kf7 51. Ne5+ Kxf6 52. Nxd3 c4 53. Ra6+ Ke7 54. Ne5 c3 55. Rc6 Bg1 56. Kf5 Bh2 57. Nf3 Kd7 58. Rc4 d3 59. Rxc3 1-0

[Event "SVK-chT2C 1920"]
[Site "Slovakia"]
[Date "2019.11.17"]
[Round "4.1"]
[White "Motycakova, Monika"]
[Black "Istvanovszky, Martin"]
[Result "1/2-1/2"]
[WhiteElo "2103"]
[BlackElo "2333"]
[PlyCount "90"]
[EventDate "2019.10.26"]
[EventType "team-tourn"]
[EventRounds "11"]
[EventCountry "SVK"]
[SourceTitle "CBM 193 Extra"]
[Source "ChessBase"]
[SourceDate "2020.01.31"]
[SourceVersion "1"]
[SourceVersionDate "2020.01.31"]
[SourceQuality "1"]
[WhiteTeam "Ruzomberok Montana"]
[BlackTeam "Filakovo"]
[WhiteTeamCountry "SVK"]
[BlackTeamCountry "SVK"]

1. e4 c5 2. Nf3 a6 3. c3 d6 4. d4 Qc7 5. Bd3 g6 6. 0-0 Bg7 7. Be3 Nd7 8. a4 b6 9. Nbd2 Ngf6 10. h3 Bb7 11. Qe2 0-0 12. Nh2 e5 13. d5 Nh5 14. Qg4 Rae8 15. Qh4 Nf4 16. Bxf4 exf4 17. Qxf4 Ne5 18. Bc2 f5 19. Qh4 Bf6 20. Qg3 Qd8 21. c4 fxe4 22. Bxe4 Nxc4 23. Bxg6 hxg6 24. Qxg6+ Bg7 25. Nxc4 Bxd5 26. b3 Re6 27. Qg3 Be4 28. Rad1 d5 29. Ne3 d4 30. Nc4 Qd5 31. Ng4 b5 32. axb5 axb5 33. Nd2 Bh7 34. Ra1 Re7 35. Rfc1 d3 36. Ra6 Kh8 37. Rd6 Qg5 38. Rd1 Qf4 39. Qxf4 Rxf4 40. Rc6 Bd4 41. Rb6 Bf5 42. Ne3 Bd7 43. Rd6 Be6 44. Nf3 Bxb3 45. Rxd3 Bc4 1/2-1/2

[Event "SVK-chT2C 1920"]
[Site "Slovakia"]
[Date "2019.11.16"]
[Round "3.1"]
[White "Istvanovszky, Martin"]
[Black "Turcan, Richard"]
[Result "1/2-1/2"]
[WhiteElo "2333"]
[BlackElo "2131"]
[PlyCount "41"]
[EventDate "2019.10.26"]
[EventType "team-tourn"]
[EventRounds "11"]
[EventCountry "SVK"]
[SourceTitle "CBM 193 Extra"]
[Source "ChessBase"]
[SourceDate "2020.01.31"]
[SourceVersion "1"]
[SourceVersionDate "2020.01.31"]
[SourceQuality "1"]
[WhiteTeam "Filakovo"]
[BlackTeam "Banska Bystrica Veza"]
[WhiteTeamCountry "SVK"]
[BlackTeamCountry "SVK"]

1. e4 c5 2. Nc3 Nc6 3. Bb5 Nd4 4. Bc4 e6 5. Nge2 Nf6 6. 0-0 a6 7. d3 b5 8. Bb3 Nxb3 9. axb3 Bb7 10. Ng3 d5 11. Bg5 b4 12. Na4 Qc7 13. Re1 Bd6 14. Bxf6 gxf6 15. Qh5 0-0-0 16. c3 Kb8 17. cxb4 cxb4 18. Rac1 Qe7 19. Qh4 Rhg8 20. Nb6 Bc7 21. Na4 1/2-1/2

[Event "SVK-chT2C 1819"]
[Site "Slovakia"]
[Date "2019.04.07"]
[Round "11.1"]
[White "Istvanovszky, Martin"]
[Black "Kostelny, Jozef"]
[Result "1-0"]
[WhiteElo "2342"]
[BlackElo "2220"]
[PlyCount "65"]
[EventDate "2018.10.13"]
[EventType "team-tourn"]
[EventRounds "11"]
[EventCountry "SVK"]
[SourceTitle "EXT 2020"]
[Source "ChessBase"]
[SourceDate "2019.10.17"]
[SourceVersion "1"]
[SourceVersionDate "2019.10.17"]
[SourceQuality "1"]
[WhiteTeam "Filakovo"]
[BlackTeam "Zilina Mladost II"]
[WhiteTeamCountry "SVK"]
[BlackTeamCountry "SVK"]

1. e4 c5 2. Nc3 Nc6 3. Bb5 Nd4 4. Bc4 d6 5. Nge2 Nf6 6. 0-0 e6 7. d3 a6 8. a4 Be7 9. Nxd4 cxd4 10. Ne2 e5 11. c3 dxc3 12. bxc3 0-0 13. Qb3 Nd7 14. Be3 Qc7 15. d4 Rb8 16. f4 Bf6 17. fxe5 dxe5 18. Rab1 Qd6 19. Bd5 Qe7 20. Bc1 Rd8 21. Ba3 Qe8 22. Bd6 b5 23. Bxb8 Nxb8 24. axb5 axb5 25. Bxf7+ Qxf7 26. Qxf7+ Kxf7 27. dxe5 Be6 28. exf6 Bc4 29. fxg7+ Kxg7 30. Nd4 Bxf1 31. Ne6+ Kf6 32. Nxd8 Bd3 33. Re1 1-0

[Event "SVK-chT2C 1819"]
[Site "Slovakia"]
[Date "2019.04.06"]
[Round "10.1"]
[White "Jurcik, Marian"]
[Black "Istvanovszky, Martin"]
[Result "1-0"]
[WhiteElo "2494"]
[BlackElo "2342"]
[PlyCount "49"]
[EventDate "2018.10.13"]
[EventType "team-tourn"]
[EventRounds "11"]
[EventCountry "SVK"]
[SourceTitle "EXT 2020"]
[Source "ChessBase"]
[SourceDate "2019.10.17"]
[SourceVersion "1"]
[SourceVersionDate "2019.10.17"]
[SourceQuality "1"]
[WhiteTeam "Cadca Caissa"]
[BlackTeam "Filakovo"]
[WhiteTeamCountry "SVK"]
[BlackTeamCountry "SVK"]

1. e4 c5 2. Nf3 d6 3. d4 cxd4 4. Nxd4 Nf6 5. Nc3 g6 6. Be3 Bg7 7. f3 0-0 8. Qd2 Nc6 9. 0-0-0 Bd7 10. g4 Rc8 11. Nxc6 Bxc6 12. h4 Qa5 13. h5 Bxe4 14. Nxe4 Qxa2 15. Nxf6+ Bxf6 16. Qb4 Rxc2+ 17. Kxc2 Rc8+ 18. Kd3 Bxb2 19. Rh2 Qd5+ 20. Ke2 Qe5 21. f4 Qf6 22. Kf3 Be5 23. g5 Qe6 24. Bh3 f5 25. gxf6 1-0

[Event "HUN-chT2 Maroczy 1819"]
[Site "Hungary"]
[Date "2018.10.28"]
[Round "3.3"]
[White "Morvay, Miklos"]
[Black "Istvanovszky, Martin"]
[Result "0-1"]
[WhiteElo "2206"]
[BlackElo "2333"]
[PlyCount "46"]
[EventDate "2018.09.23"]
[EventType "team-tourn"]
[EventRounds "11"]
[EventCountry "HUN"]
[SourceTitle "EXT 2020"]
[Source "ChessBase"]
[SourceDate "2019.10.17"]
[SourceVersion "1"]
[SourceVersionDate "2019.10.17"]
[SourceQuality "1"]
[WhiteTeam "Kobanya Aquarena II"]
[BlackTeam "Debrecen Kwizda"]
[WhiteTeamCountry "HUN"]
[BlackTeamCountry "HUN"]

1. e4 g6 2. d4 Bg7 3. Nc3 d6 4. f4 Nf6 5. e5 Nfd7 6. Qe2 0-0 7. Nf3 c5 8. d5 Nb6 9. Be3 Bg4 10. h3 Bxf3 11. Qxf3 dxe5 12. 0-0-0 exf4 13. Bxc5 N8d7 14. Bd4 Nf6 15. Qxf4 Nbxd5 16. Nxd5 Nxd5 17. Qf3 e6 18. Bxg7 Kxg7 19. Bc4 Qg5+ 20. Kb1 Ne3 21. h4 Qc5 22. Rd7 Nxc4 23. h5 Qe5 0-1

[Event "HUN-chT2 Maroczy 1819"]
[Site "Hungary"]
[Date "2018.10.07"]
[Round "2.2"]
[White "Papp Zoltan, Csaba"]
[Black "Istvanovszky, Martin"]
[Result "1/2-1/2"]
[WhiteElo "2194"]
[BlackElo "2333"]
[PlyCount "89"]
[EventDate "2018.09.23"]
[EventType "team-tourn"]
[EventRounds "11"]
[EventCountry "HUN"]
[SourceTitle "EXT 2020"]
[Source "ChessBase"]
[SourceDate "2019.10.17"]
[SourceVersion "1"]
[SourceVersionDate "2019.10.17"]
[SourceQuality "1"]
[WhiteTeam "Szeged Maroczy II"]
[BlackTeam "Debrecen Kwizda"]
[WhiteTeamCountry "HUN"]
[BlackTeamCountry "HUN"]

1. e4 g6 2. h4 h5 3. d4 Bg7 4. c3 d6 5. Nf3 Bg4 6. Qb3 Bxf3 7. Qxb7 Bxe4 8. Qxe4 Nd7 9. Qc2 Ngf6 10. Bg5 Rb8 11. Nd2 c5 12. dxc5 Nxc5 13. Be2 Qd7 14. 0-0 0-0 15. Rfe1 Rfc8 16. Nf3 Rc7 17. Rad1 Qa4 18. b3 Qe4 19. Bd3 Qg4 20. Nh2 Qc8 21. Bc4 Kf8 22. Qe2 Nce4 23. Bxf6 Nxf6 24. Rd3 Qf5 25. Qd2 Rc5 26. Rxd6 Rcc8 27. Rd3 e6 28. Nf3 Ng4 29. Rd7 a5 30. Qd6+ Kg8 31. Rxe6 Rf8 32. Re1 Bxc3 33. Rf1 Rbe8 34. Bd3 Qf6 35. Qxf6 Bxf6 36. g3 Rd8 37. Bb5 Rxd7 38. Bxd7 Rd8 39. Bb5 Kg7 40. Rc1 Ne5 41. Nxe5 Bxe5 42. Rc2 Rd1+ 43. Kg2 f6 44. Kf3 Rb1 45. Ke4 1/2-1/2

[Event "HUN-chT2 Maroczy 1718"]
[Site "Hungary"]
[Date "2018.03.04"]
[Round "7.6"]
[White "Kovacs, Adrian"]
[Black "Istvanovszky, Martin"]
[Result "1/2-1/2"]
[WhiteElo "2226"]
[BlackElo "2321"]
[PlyCount "44"]
[EventDate "2017.10.29"]
[EventType "team-tourn"]
[EventRounds "9"]
[EventCountry "HUN"]
[SourceTitle "EXT 2021"]
[Source "ChessBase"]
[SourceDate "2020.10.23"]
[SourceVersion "1"]
[SourceVersionDate "2020.10.23"]
[SourceQuality "1"]
[WhiteTeam "Toth Laszlo"]
[BlackTeam "Debrecen Sakkiskola"]
[WhiteTeamCountry "HUN"]
[BlackTeamCountry "HUN"]

1. c4 g6 2. Nc3 Bg7 3. Nf3 d6 4. g3 Nf6 5. Bg2 0-0 6. 0-0 Nc6 7. Rb1 a5 8. a3 e5 9. b4 axb4 10. axb4 h6 11. d3 Be6 12. b5 Ne7 13. Bb2 Qd7 14. Re1 Bh3 15. Bh1 Ng4 16. Ra1 f5 17. Rxa8 Rxa8 18. Nd2 c6 19. Qb3 Kh7 20. Ra1 Rxa1+ 21. Bxa1 Qc7 22. Nd1 Nf6 1/2-1/2

[Event "HUN-chT 1617"]
[Site "Hungary"]
[Date "2017.01.29"]
[Round "5.11"]
[White "Istvanovszky, Martin"]
[Black "Krstulovic, Alex"]
[Result "1/2-1/2"]
[WhiteElo "2307"]
[BlackElo "2245"]
[PlyCount "44"]
[EventDate "2016.10.30"]
[EventType "team-tourn"]
[EventRounds "9"]
[EventCountry "HUN"]
[SourceTitle "EXT 2018"]
[Source "ChessBase"]
[SourceDate "2017.10.13"]
[SourceVersion "1"]
[SourceVersionDate "2017.10.13"]
[SourceQuality "1"]
[WhiteTeam "Penzugyor"]
[BlackTeam "Aquaprofit"]
[WhiteTeamCountry "HUN"]
[BlackTeamCountry "HUN"]

1. e4 e5 2. Bc4 Nc6 3. Nf3 Bc5 4. c3 Nf6 5. d4 exd4 6. e5 d5 7. Bb5 Ne4 8. cxd4 Bb6 9. Be3 0-0 10. Nc3 Bg4 11. Bxc6 bxc6 12. Qc2 f5 13. h3 Bh5 14. Ne2 Ba5+ 15. Kf1 g5 16. Qa4 Bb6 17. Qxc6 f4 18. Bc1 Kg7 19. b3 Be8 20. Qc2 Bg6 21. Qc6 Be8 22. Qc2 Bg6 1/2-1/2

[Event "HUN-chT2 Maroczy 1516"]
[Site "Hungary"]
[Date "2016.04.17"]
[Round "9.1"]
[White "Meszaros, Andras"]
[Black "Istvanovszky, Martin"]
[Result "0-1"]
[WhiteElo "2257"]
[BlackElo "2305"]
[PlyCount "79"]
[EventDate "2015.10.18"]
[EventType "team-tourn"]
[EventRounds "9"]
[EventCountry "HUN"]
[SourceTitle "EXT 2017"]
[Source "ChessBase"]
[SourceDate "2016.10.25"]
[SourceVersion "1"]
[SourceVersionDate "2016.10.25"]
[SourceQuality "1"]
[WhiteTeam "Magyar Sakkvilag"]
[BlackTeam "Penzugyor"]
[WhiteTeamCountry "HUN"]
[BlackTeamCountry "HUN"]

1. e4 c5 2. Nf3 d6 3. d4 cxd4 4. Nxd4 Nf6 5. Nc3 g6 6. Nf3 Nbd7 7. Bc4 Bg7 8. 0-0 0-0 9. Re1 a6 10. a4 b6 11. Bg5 Bb7 12. Qe2 Qc7 13. h3 Rfc8 14. Nd2 Ne5 15. Bb3 e6 16. Rad1 Nfd7 17. Be3 Nc5 18. f4 Nc6 19. Nc4 Rd8 20. Bf2 Nb4 21. Bh4 Rd7 22. e5 d5 23. Nd6 Rxd6 24. exd6 Qxd6 25. Qd2 Rc8 26. Bf2 Qc6 27. Bd4 Nxb3 28. cxb3 Bxd4+ 29. Qxd4 Nc2 30. Qe5 Nxe1 31. Rxe1 d4 32. Ne4 f5 33. Nf6+ Kf7 34. Re2 d3 35. Rf2 Qc1+ 36. Kh2 Qc5 37. Nd7 Qxf2 38. Qf6+ Ke8 39. Qxe6+ Kd8 40. Qd6 0-1

[Event "HUN-chT2 Maroczy 1516"]
[Site "Hungary"]
[Date "2016.02.28"]
[Round "6.1"]
[White "Kovacs, Lajos"]
[Black "Istvanovszky, Martin"]
[Result "1/2-1/2"]
[WhiteElo "2227"]
[BlackElo "2305"]
[PlyCount "34"]
[EventDate "2015.10.18"]
[EventType "team-tourn"]
[EventRounds "9"]
[EventCountry "HUN"]
[SourceTitle "EXT 2017"]
[Source "ChessBase"]
[SourceDate "2016.10.25"]
[SourceVersion "1"]
[SourceVersionDate "2016.10.25"]
[SourceQuality "1"]
[WhiteTeam "Dunaharaszti II"]
[BlackTeam "Penzugyor"]
[WhiteTeamCountry "HUN"]
[BlackTeamCountry "HUN"]

1. d4 g6 2. Nf3 Bg7 3. g3 c5 4. Bg2 Nf6 5. 0-0 cxd4 6. Nxd4 Nc6 7. Nxc6 bxc6 8. Nd2 0-0 9. Rb1 a5 10. Ne4 Nxe4 11. Bxe4 d5 12. Bg2 Rb8 13. b3 a4 14. Ba3 axb3 15. axb3 Re8 16. Bb2 e5 17. Qd2 Be6 1/2-1/2

[Event "HUN-chT2 Maroczy 1415"]
[Site "Hungary"]
[Date "2015.04.26"]
[Round "9"]
[White "Bogdan, Dan"]
[Black "Istvanovszky, Martin"]
[Result "1-0"]
[WhiteElo "2393"]
[BlackElo "2331"]
[PlyCount "75"]
[EventDate "2014.10.12"]
[EventType "team-tourn"]
[EventRounds "9"]
[EventCountry "HUN"]
[SourceTitle "EXT 2016"]
[Source "ChessBase"]
[SourceDate "2015.10.08"]
[SourceVersion "1"]
[SourceVersionDate "2015.10.08"]
[SourceQuality "1"]
[WhiteTeam "Kisujszallas"]
[BlackTeam "Penzugyor II"]
[WhiteTeamCountry "HUN"]
[BlackTeamCountry "HUN"]

1. c4 g6 2. g3 Bg7 3. Bg2 c5 4. Nc3 Nc6 5. Nf3 e5 6. a3 Nge7 7. 0-0 d6 8. d3 0-0 9. Rb1 a5 10. Ne1 Be6 11. Nd5 Rb8 12. Nc2 b5 13. Nce3 Nd4 14. Nxe7+ Qxe7 15. Nd5 Bxd5 16. Bxd5 bxc4 17. dxc4 Nb3 18. Bd2 Nxd2 19. Qxd2 Qc7 20. Rfd1 Kh8 21. h4 h5 22. Kg2 f5 23. b4 axb4 24. axb4 cxb4 25. Rxb4 Rxb4 26. Qxb4 Rb8 27. Qd2 e4 28. Qg5 Kh7 29. g4 Bh6 30. Qf6 Rf8 31. Qe6 hxg4 32. c5 Qxc5 33. Rb1 g3 34. fxg3 Qe3 35. Rb7+ Kh8 36. Bc4 f4 37. Qd7 Qxg3+ 38. Kf1 1-0

[Event "HUN-chT2 Maroczy 1415"]
[Site "Hungary"]
[Date "2015.03.01"]
[Round "7"]
[White "Istvanovszky, Martin"]
[Black "Papp Zoltan, Csaba"]
[Result "1-0"]
[WhiteElo "2331"]
[BlackElo "2272"]
[PlyCount "39"]
[EventDate "2014.10.12"]
[EventType "team-tourn"]
[EventRounds "9"]
[EventCountry "HUN"]
[SourceTitle "EXT 2016"]
[Source "ChessBase"]
[SourceDate "2015.10.08"]
[SourceVersion "1"]
[SourceVersionDate "2015.10.08"]
[SourceQuality "1"]
[WhiteTeam "Penzugyor II"]
[BlackTeam "Maroczy"]
[WhiteTeamCountry "HUN"]
[BlackTeamCountry "HUN"]

1. d4 d5 2. Nc3 e6 3. e4 Nf6 4. Bg5 dxe4 5. Nxe4 Be7 6. Bxf6 Bxf6 7. Nf3 0-0 8. c3 b6 9. Bd3 Ba6 10. Nxf6+ Qxf6 11. Be4 c6 12. Qc2 g6 13. Ne5 Bb7 14. h4 h5 15. Rh3 Kh7 16. Rf3 Qxh4 17. Bxg6+ Kh6 18. Bxf7 Qh1+ 19. Kd2 Qxg2 20. Rf6+ 1-0

[Event "HUN-chT2 Maroczy 1415"]
[Site "Hungary"]
[Date "2015.02.08"]
[Round "6"]
[White "Kovacs, Istvan"]
[Black "Istvanovszky, Martin"]
[Result "1/2-1/2"]
[WhiteElo "2144"]
[BlackElo "2331"]
[PlyCount "69"]
[EventDate "2014.10.12"]
[EventType "team-tourn"]
[EventRounds "9"]
[EventCountry "HUN"]
[SourceTitle "EXT 2016"]
[Source "ChessBase"]
[SourceDate "2015.10.08"]
[SourceVersion "1"]
[SourceVersionDate "2015.10.08"]
[SourceQuality "1"]
[WhiteTeam "Dunaharaszti II"]
[BlackTeam "Penzugyor II"]
[WhiteTeamCountry "HUN"]
[BlackTeamCountry "HUN"]

1. c4 g6 2. Nc3 Bg7 3. g3 d6 4. Bg2 Nf6 5. Nf3 0-0 6. 0-0 Nc6 7. d4 a6 8. d5 Na5 9. Nd2 c5 10. Qc2 b5 11. cxb5 axb5 12. Nxb5 Ba6 13. Nc3 Qb6 14. Rb1 Ng4 15. h3 Ne5 16. Nde4 Rfb8 17. Kh1 Qb4 18. f4 Nec4 19. f5 Bd4 20. f6 exf6 21. Nxf6+ Kg7 22. Nce4 Ne3 23. Bxe3 Bxe3 24. Nxd6 Nc4 25. Nxc4 Qxc4 26. Qxc4 Bxc4 27. Nd7 Bxa2 28. Nxb8 Bxb1 29. Nc6 Bf5 30. g4 Bc8 31. d6 Be6 32. b4 cxb4 33. Nxb4 Rd8 34. Nd5 Bc5 35. Nc7 1/2-1/2

[Event "HUN-chT2 Maroczy 1314"]
[Site "Hungary"]
[Date "2014.03.02"]
[Round "8"]
[White "Istvanovszky, Martin"]
[Black "Kaman, Attila"]
[Result "1-0"]
[WhiteElo "2331"]
[BlackElo "2152"]
[PlyCount "107"]
[EventDate "2013.09.08"]
[EventType "team-tourn"]
[EventRounds "11"]
[EventCountry "HUN"]
[SourceTitle "EXT 2016"]
[Source "ChessBase"]
[SourceDate "2015.10.08"]
[SourceVersion "1"]
[SourceVersionDate "2015.10.08"]
[SourceQuality "1"]
[WhiteTeam "Penzugyor II"]
[BlackTeam "Hajduboszormeny"]
[WhiteTeamCountry "HUN"]
[BlackTeamCountry "HUN"]

1. e4 c5 2. b3 Nc6 3. Bb2 d6 4. Bb5 Nf6 5. Qe2 e5 6. f4 exf4 7. Nf3 Bd7 8. e5 Nxe5 9. Nxe5 dxe5 10. Bxe5 Bxb5 11. Qxb5+ Qd7 12. Na3 Be7 13. 0-0-0 Qxb5 14. Nxb5 0-0 15. Rde1 Rfd8 16. Bxf4 Rd7 17. Re2 Nd5 18. Rhe1 Kf8 19. Be5 f6 20. Bb2 Kf7 21. g4 a6 22. Nc3 Nxc3 23. Bxc3 Bd6 24. h3 Re7 25. Rxe7+ Bxe7 26. Rf1 g6 27. Bxf6 Bf8 28. d3 Re8 29. Kd2 Re6 30. Bg5+ Kg8 31. Be3 Bd6 32. Rf3 Kg7 33. g5 Be7 34. a4 Bd8 35. Kc3 Rc6 36. Kc4 Be7 37. a5 Bd8 38. Bd2 Be7 39. h4 Kg8 40. Rf4 Bf8 41. Be3 Be7 42. Re4 Kf7 43. Re5 Bd6 44. Rd5 Ke6 45. Bxc5 Bg3 46. Rd4 Kf5 47. Re4 Rc7 48. b4 Bxh4 49. Rxh4 Kxg5 50. Rh1 h5 51. d4 h4 52. d5 Kg4 53. d6 Rh7 54. Rd1 1-0

[Event "HUN-chT2 Maroczy 1314"]
[Site "Hungary"]
[Date "2014.02.02"]
[Round "6"]
[White "Istvanovszky, Martin"]
[Black "Siklosi, Zoltan"]
[Result "1/2-1/2"]
[WhiteElo "2331"]
[BlackElo "2324"]
[PlyCount "57"]
[EventDate "2013.09.08"]
[EventType "team-tourn"]
[EventRounds "11"]
[EventCountry "HUN"]
[SourceTitle "EXT 2016"]
[Source "ChessBase"]
[SourceDate "2015.10.08"]
[SourceVersion "1"]
[SourceVersionDate "2015.10.08"]
[SourceQuality "1"]
[WhiteTeam "Penzugyor II"]
[BlackTeam "Toth Laszlo"]
[WhiteTeamCountry "HUN"]
[BlackTeamCountry "HUN"]

1. e4 e5 2. Nf3 Nc6 3. d4 exd4 4. Bc4 Nf6 5. e5 Ng4 6. 0-0 Be7 7. Re1 d6 8. e6 Bxe6 9. Bxe6 fxe6 10. Nxd4 Nxd4 11. Qxd4 Nf6 12. Rxe6 0-0 13. Bg5 Qd7 14. Re2 Rae8 15. Nc3 Bd8 16. Rae1 Rxe2 17. Rxe2 Re8 18. Qxa7 Rxe2 19. Nxe2 Qb5 20. Qa8 Qxe2 21. Qxd8+ Kf7 22. Qxc7+ Kg6 23. h4 Qe1+ 24. Kh2 Ng4+ 25. Kg3 Nxf2 26. Qxd6+ Kh5 27. Kf3 Ng4 28. Bf4 Qf2+ 29. Ke4 1/2-1/2